000 00349nam a2200157Ia 4500
003 Ost
005 20260225132555.0
008 260225s9999||||xx |||||||||||||| ||und||
040 _cfsic
041 _afre
082 _a440
100 _aRaoul Walsh
_eAuteur
245 0 _aUn Demi-siècle a Hollywood /
245 0 _cRaoul Walsh
942 _cكتاب
999 _c34394
_d34394